000 00879nam a2200241Ia 4500
003 OSt
005 20221005113021.0
006 a|||||r|||| 00| 0
007 ta
008 221004b |||||||| |||| 00| 0 pan d
020 _a9788171165025 (hbk)
_c225
024 _a106376
037 _b7830/II/A, 31/01/2011, Arsee Publishers
_cTextual
040 _aCRL
_cCRL
_bpan
041 _2pan
_apan
082 _aU8.23145, 153P9
100 _aਅੋਲਖ, ਗੁਰਚਰਨ ਸਿੰਘ
245 0 _aਗੋਆ ਦਾ ਸਖ਼ਰਨਾਮਾ ਤੇ ਹੋਰ ਯਾਤਰਾਵਾਂ
260 _aਦਿੱਲੀ
_bਨੈਨਲ ਬੁਕ ਾਪ ਭਾਰਤ
_c2009
300 _a192ਪੰ
_ccm.
942 _hU8.23145, 153P9
_cTEXL
_2cc
999 _c1026767
_d1026767